000 00830nas a2200277 4500
001 BR0805901
003 BR-BrBNA
005 20231205112442.0
007 ta
008 230509b bl.|||p| |||| 00| 00por d
040 _aBR-BrBNA
_bpor
_cBiblioteca Nacional de Agricultura
041 _a(Pt)
072 _aH20
100 1 _aSilva, A.M.F.
100 1 _aMichereff, S.J.
100 1 _aMariano, R. de L.R.
100 1 _aSilva, A.J. da
245 1 _aTamanho de amostras para quantificação da podridão-mole da alface e da couve-chinesa
650 _aALFACE
650 _aREPOLHO CHINES
650 _aBACTERIA
650 _aPODRIDÃO MOLE
773 0 _tSumma Phytopathologica (Brazil)
_xISSN 0100-5405
_g(Jan-Feb 2008), v. 34(1) p. 90-92
_wBR0805901
909 _a202311
_bLúcia
_c55
_dLúcia Elande
942 _2AGRIS
_n0
_cANA
999 _c198142
_d198142